Tesoros humanos vivos

Guardat en:
Dades bibliogràfiques
Autor corporatiu: Consejo Nacional de la Cultura y las Artes (Autor)
Format: Llibre
Idioma:espanyol
Publicat: Santiago Consejo Nacional de la Cultura y las Artes, Gobierno de Chile 2009
Col·lecció:Colección Patrimonio
Matèries:
Etiquetes: Afegir etiqueta
Sense etiquetes, Sigues el primer a etiquetar aquest registre!

MARC

LEADER 00000cam a2200000 a 4500
001 UCG3928
003 CL-VaPUC
008 100923e20090000CL |||||||||||||||||spa|d
020 |a 9879568327675 
082 0 4 |a 306.983  |b CON  |2 21 
110 2 |a Consejo Nacional de la Cultura y las Artes  |e author  |9 553232 
245 1 0 |a Tesoros humanos vivos 
300 |a 33 p 
942 |c BK 
945 |d 20100923 00:00:00  |a mfarfan 
260 |a Santiago  |b Consejo Nacional de la Cultura y las Artes, Gobierno de Chile  |c 2009 
500 |a Incluye CD 
650 0 |a Patrimonio cultural  |9 309364 
650 0 |a Cultura  |9 269059 
650 0 |a Identidad   |9 336178 
651 7 |a CHILE  |2 CL-VaPUC  |9 553233 
583 |a last modification  |c 20120621 01:40:27  |k Rodrigo Vera 
490 0 |a Colección Patrimonio 
999 |c 342866  |d 342864 
952 |0 0  |1 0  |4 0  |6 306_983000000000000_CON_2009  |7 0  |8 X  |9 439533  |a FDOMLP  |b FDOMLP  |d 2019-11-22  |i 4718747  |o 306.983 CON 2009  |p 4718747  |r 2019-11-22  |w 2019-11-22  |y BK_X  |k BUD 
952 |0 0  |1 0  |4 0  |6 306_983000000000000_CON_2009  |7 0  |8 X  |9 439534  |a FDOMLP  |b FDOMLP  |d 2019-11-22  |i 4834992  |o 306.983 CON 2009  |p 4834992  |r 2019-11-22  |w 2019-11-22  |y BK_X  |k BUD 
952 |0 0  |1 0  |4 0  |6 306_983000000000000_CON_2009  |7 0  |8 X  |9 439535  |a FDOMLP  |b FDOMLP  |d 2019-11-22  |i 4860799  |o 306.983 CON 2009  |p 4860799  |r 2019-11-22  |w 2019-11-22  |y BK_X  |k BUD 
952 |0 0  |1 0  |3 erb  |4 0  |6 306_983000000000000_CON_2009  |7 0  |8 X  |9 439536  |a FDOMLP  |b FDOMLP  |i 5432146  |o 306.983 CON 2009  |p 5432146  |r 2019-11-22  |w 2019-11-22  |y BK_X  |z Catalogado en:20171020  |k BU2